Statistics for Best NBA Player Ever By Team

Click here to take the quiz!

General Stats

  • This quiz has been taken 1,999 times
  • The average score is 25 of 30

Answer Stats

TeamPlayerPositionYears% Correct
Chicago BullsMichael JordanShooting Guard1984-1998
97%
Cleveland CavaliersLeBron JamesSmall Forward2003-2010 & 2014-present
96%
Boston CelticsBill RussellCenter1956-1969
93%
Miami HeatDwayne WadeShooting Guard2003-2016
93%
New York KnicksPatrick EwingCenter1985-2000
91%
Toronto RaptorsVince CarterShooting Guard1998-2004
91%
Detroit PistonsIsiah ThomasPoint Guard1981-1994
90%
Oklahoma City ThunderKevin DurantSmall Forward2007-2016
90%
Los Angeles LakersMagic JohnsonPoint Guard1979-1996
88%
San Antonio SpursTim DuncanCenter1997-2016
88%
Utah JazzKarl MalonePower Forward1985-2003
87%
Los Angeles ClippersChris PaulPoint Guard2011-present
86%
Indiana PacersReggie MillerShooting Guard1987-2005
86%
Phoenix SunsSteve NashPoint Guard1996-1998 & 2004-2012
85%
Brooklyn NetsJason KiddPoint Guard2001-2008
84%
Minnesota TimberwolvesKevin GarnettPower Forward1995-2007 & 2014-present
84%
New Orleans PelicansAnthony DavisPower Forward2012-present
83%
Philadelphia 76ersJulius ErvingSmall Forward1976-1987
83%
Dallas MavericksDirk NowitzkiPower Forward1998-present
82%
Milwaukee BucksKareem Abdul-JabbarCenter1969-1975
82%
Golden State WarriorsWilt ChamberlainCenter1959-1965
82%
Memphis GrizzliesMarc GasolCenter2008-present
81%
Denver NuggetsCarmelo AnthonySmall Forward2003-2011
80%
Portland TrailblazersClyde DrexlerShooting Guard1983-1995
79%
Houston RocketsHakeem OlajuwonCenter1984-2001
78%
Sacramento KingsOscar RobertsonPoint Guard1960-1970
73%
Orlando MagicTracy McGradyShooting Guard2000-2004
71%
Atlanta HawksBob PettitPower Forward1954-1965
63%
Charlotte HornetsAlonzo MourningCenter1993-1995
62%
Washington WizardsElvin HayesPower Forward1972-1981
47%

Score Distribution

Percentile by Number Answered

Percent of People with Each Score

Your Score History

You have not taken this quiz